Größte Städte in Bayern A-Z - Statistiken

Allgemein
  • Dieses Quiz wurde 789 mal gespielt
    124 seit der letzten Aktualisierung
  • Das Durchschnittsergebnis liegt bei 14 aus 22
Antwortstatistiken
# Einwohner Stadt % Korrekt
A 301.105 Augsburg
99%
I 141.185 Ingolstadt
99%
N 529.508 Nürnberg
98%
M 1.505.005 München
97%
R 151.389 Regensburg
95%
F 132.036 Fürth
91%
W 133.258 Würzburg
91%
B 77.150 Bamberg
87%
E 115.928 Erlangen
86%
P 53.039 Passau
81%
K 67.645 Kempten (Allgäu)
69%
C 41.064 Coburg
68%
D 47.138 Dachau
68%
L 71.863 Landshut
66%
H 46.778 Hof (Saale)
62%
S 54.481 Schweinfurt
46%
T 20.877 Traunstein
34%
G 41.064 Germering
19%
O 27.310 Olching
15%
U 28.482 Unterschleißheim
15%
Z 26.243 Zirndorf
14%
V 18.084 Vilshofen an der Donau
7%
Keine übereinstimmenden Quizze gefunden
Verteilung der Resultate
Anzahl Personen mit jedem Resultat
Perzentil nach korrekt beantworteten Fragen
Ihre Resultats-Entwicklung
Sie haben dieses Quiz seit der letzten Aktualisierung nicht gespielt